Chemical engineering kinetics (Record no. 6589)

000 -LEADER
fixed length control field 00510nam a2200193 4500
001 - CONTROL NUMBER
control field 6589
003 - CONTROL NUMBER IDENTIFIER
control field BD-DhUET
008 - FIXED-LENGTH DATA ELEMENTS--GENERAL INFORMATION
fixed length control field 700825s1970 nyua b 001 0 eng
040 ## - CATALOGING SOURCE
Transcribing agency 0
Modifying agency BD-DhUET
Original cataloging agency DLC
082 00 - DEWEY DECIMAL CLASSIFICATION NUMBER
Classification number 541.39
Item number SMI/1970
100 ## - MAIN ENTRY--PERSONAL NAME
Personal name Smith, J. M.
245 10 - TITLE STATEMENT
Title Chemical engineering kinetics
250 ## - EDITION STATEMENT
Edition statement 2nd ed.
260 ## - PUBLICATION, DISTRIBUTION, ETC. (IMPRINT)
Place of publication, distribution, etc. New York
Name of publisher, distributor, etc. McGraw-Hill
Date of publication, distribution, etc. 1970
300 ## - PHYSICAL DESCRIPTION
Extent xviii, 612p.
Other physical details ill.
490 0# - SERIES STATEMENT
Series statement McGraw-Hill chemical engineering series
650 #0 - SUBJECT ADDED ENTRY--TOPICAL TERM
Topical term or geographic name as entry element Kinetics : Physical chemistry
942 ## - ADDED ENTRY ELEMENTS (KOHA)
Koha item type General Book
Holdings
Damaged status Date acquired Sublocation or collection (holding branch) Withdrawn status Koha full call number Shelving location Lost status Location (home branch) Copy number Koha item type Koha normalized classification for sorting Source of classification or shelving scheme Not for loan Piece designation (barcode) Price effective from Koha date last seen
 2014-12-04Central Library, BUET 541.39/SMI/1970Circulation section Central Library, BUET1General Book541_390000000000000_SMI_1970  845762014-12-042014-12-04
 2014-12-12Central Library, BUET 541.39/SMI/1970Circulation section Central Library, BUET2General Book541_390000000000000_SMI_1970  298652014-12-122014-12-12
 2014-12-12Central Library, BUET 541.39/SMI/1970Circulation section Central Library, BUET3General Book541_390000000000000_SMI_1970  298672014-12-122014-12-12
 2014-12-12Central Library, BUET 541.39/SMI/1970Circulation section Central Library, BUET4General Book541_390000000000000_SMI_1970  298632014-12-122014-12-12
 2015-03-11Central Library, BUET 541.39/SMI/1970Circulation section Central Library, BUET5General Book541_390000000000000_SMI_1970  298712015-03-112015-03-11
 2015-03-14Central Library, BUET 541.39/SMI/1970Circulation section Central Library, BUET6General Book541_390000000000000_SMI_1970  298682015-03-142015-03-14
 2015-03-14Central Library, BUET 541.39/SMI/1970Circulation section Central Library, BUET7General Book541_390000000000000_SMI_1970  370452015-03-142015-03-14
 2015-04-23Central Library, BUET 541.39/SMI/1970Circulation section Central Library, BUET8General Book541_390000000000000_SMI_1970  298692015-04-232015-04-23
 2015-04-23Central Library, BUET 541.39/SMI/1970Circulation section Central Library, BUET9General Book541_390000000000000_SMI_1970  298592015-04-232015-04-23
 2015-04-26Central Library, BUET 541.39/SMI/1970Circulation section Central Library, BUET10General Book541_390000000000000_SMI_1970  298702015-04-262015-04-26
 2015-04-26Central Library, BUET 541.39/SMI/1970Circulation section Central Library, BUET11General Book541_390000000000000_SMI_1970  298612015-04-262015-04-26
 2015-04-27Central Library, BUET 541.39/SMI/1970Circulation section Central Library, BUET12General Book541_390000000000000_SMI_1970  259672015-04-272015-04-27
 2015-04-27Central Library, BUET 541.39/SMI/1970Circulation section Central Library, BUET13General Book541_390000000000000_SMI_1970  298602015-04-272015-04-27
 2015-06-08Central Library, BUET 541.39/SMI/1970Reading section Central Library, BUET14Reading Item541_390000000000000_SMI_1970  298622015-06-082015-06-08
 2015-06-08Central Library, BUET 541.39/SMI/1970Reading section Central Library, BUET15Reading Item541_390000000000000_SMI_1970  298662015-06-082015-06-08
 2015-06-08Central Library, BUET 541.39/SMI/1970Reading section Central Library, BUET16Reading Item541_390000000000000_SMI_1970  298722015-06-082015-06-08
 2015-06-08Central Library, BUET 541.39/SMI/1970Reading section Central Library, BUET17Reading Item541_390000000000000_SMI_1970  298642015-06-082015-06-08